000 00691cam a22002291 4500
001 rc 01003461
003 DLC
005 20260227111910.0
007 cr_|||||||||||
008 790618s1893 xx 000 0 eng
010 _arc 01003461
035 _a(OCoLC)5078323
040 _aDLC
_cOCl
_dDLC
042 _apremarc
050 0 0 _aF189.B1
_bH7
100 1 _aHollander, Jacob Harry,
_d1871-1940.
245 0 0 _aGuide to the city of Baltimore.
260 _aBaltimore,
_bJ. Murphy & co.,
_c1893.
300 _a1 p. l.,207 p.
_bpl., fold. map.
530 _aAlso available in digital form on the Internet Archive Web site.
856 4 1 _uhttp://hdl.loc.gov/loc.gdc/scd0001.00020424515
999 _c52581
_d52581